Nový obraz Ščedrinovho baletu

Podrobná bibliografia
Hlavný autor: Ursínyová, Terézia, 1942- (Autor)
Médium: Článok
Jazyk:slovenčina
PhysicalDescription:Obr. 1.
Predmet:

MARC

LEADER 00000nab a2200000 a 4500
001 vtls000311023
003 SK-MaSNL
005 20260304194627.0
008 230120c1978 xo 0 slo
015 |a SNBRB19rr/mm-uuuuu 
035 |a CL0001115 
035 |a urn:nbn:sk:snk-ab1tq1 
035 |a (urnnbn)urn:nbn:sk:snk:ar-a00y3v 
035 |a (uuid)501f534c-9141-4695-a9a4-06770de18626 
040 |a SNKBUCL  |b slo  |c SNKBUCL  |e AACR2 
041 0 |a slo 
044 |a xo  |c SK 
080 |a 792.8  |2 1981 
100 1 |a Ursínyová, Terézia,  |d 1942-  |4 aut  |9 103725 
245 1 0 |a Nový obraz Ščedrinovho baletu  |c Terézia Ursínyová 
300 |b Obr. 1. 
610 2 7 |a Slovenské národné divadlo  |2 snkbucl  |9 32458 
650 0 7 |a divadelné inscenácie  |2 snkbucl  |9 3326 
655 7 |a články z novín a časopisov  |2 snkbucl  |9 267496 
773 0 |t Hudobný život  |g Roč. 10, č. 1 (16. 1. 1978), s. 4 
850 |a Slovenská národná knižnica v Martine  |a MTA001 
852 |a SNK  |b KIS3GCP 
954 |a odborná, vedecká literatúra pôvodná (slovenská)  |2 lita 
957 |a 5100 
958 |a OND 
958 |a RK 
958 |a EUIPO 
958 |a article27 
992 |a RBX 
999 |c 3075613  |d 3077543